|
|
|
|
| LEADER |
00000nab a2200000 a 4500 |
| 001 |
vtls000679964 |
| 003 |
SK-MaSNL |
| 005 |
20260304094923.0 |
| 008 |
250425c1998 xo 0 slo |
| 015 |
|
|
|a SNBRB1999/01-00992
|
| 035 |
|
|
|a CLN000032132
|
| 035 |
|
|
|a urn:nbn:sk:snk-ab7ecu
|
| 035 |
|
|
|a (uuid)3e5a4752-b814-4e0a-83b9-e82b25aa1032
|
| 035 |
|
|
|a (urnnbn)urn:nbn:sk:snk:ar-a07wui
|
| 035 |
|
|
|a (sysno)vtls000679964
|
| 040 |
|
|
|a SNKBUCL
|b slo
|c SNKBUCL
|e AACR2
|
| 041 |
0 |
|
|a slo
|
| 044 |
|
|
|a xo
|c SK
|
| 080 |
|
|
|a 82(091):885.4
|2 1981
|
| 080 |
|
|
|a 885.4(091)
|2 1981
|
| 100 |
1 |
|
|a Marčok, Viliam,
|d 1935-2013
|4 aut
|9 99981
|
| 245 |
1 |
0 |
|a Horizonty Šmatlákových Dejín staršej literatúry
|c Viliam Marčok
|
| 300 |
|
|
|b Fotogr.
|
| 600 |
1 |
7 |
|a Šmatlák, Stanislav,
|d 1925-2008
|t Dejiny slovenskej literatúry 1
|2 snkbucl
|9 122053
|
| 773 |
0 |
|
|t Literika
|g Roč. 3, č. 4 (1998), s. 104-107
|x 1335-180X
|
| 850 |
|
|
|a Slovenská národná knižnica
|
| 852 |
|
|
|a Slovenská národná knižnica
|
| 954 |
|
|
|a odborná, vedecká literatúra pôvodná (slovenská)
|2 lita
|
| 958 |
|
|
|a article27
|
| 958 |
|
|
|a LX
|
| 958 |
|
|
|a OND
|
| 958 |
|
|
|a EUIPO
|
| 999 |
|
|
|c 2829679
|d 2831609
|